| 000 | 00755cam a22002415a 4500 | ||
|---|---|---|---|
| 001 | 13445044 | ||
| 005 | 20201128024235.0 | ||
| 008 | 031229s2005 maua b 001 0 eng | ||
| 020 | _a0205403751 | ||
| 020 | _a9780205403752 | ||
| 040 |
_aDLC _cDLC _dDLC _dEG-ScBUE _beng |
||
| 082 | 0 | 4 |
_222 _a150 _bWOR |
| 245 | 0 | 4 |
_aThe world of psychology / _cSamuel E. Wood ... [et al.] |
| 250 | _a4th ed., Canadian ed. | ||
| 260 |
_aBoston : _bPearson Education / Allyn & Bacon, _c2005. |
||
| 300 |
_axxii, 569 p. : _bill. ; _c29 cm. |
||
| 504 | _aIncludes bibliographical references and indexes. | ||
| 650 | 7 |
_aPsychology _vTextbooks. _2BUEsh _9882 |
|
| 651 | _2BUEsh | ||
| 653 |
_bGGEN _bHHUUPPSS _cFebruary2018 |
||
| 700 | 1 |
_aWood, Samuel E. _920643 |
|
| 942 | _2ddc | ||
| 999 |
_c26087 _d26059 |
||